000 00440nam a2200133Ia 4500
008 171212s9999 xx 000 0 und d
020 _a9781592134908
100 _aLarkin, Ralph W
245 _cLarkin, Ralph W
_aComprehending Columbine
260 _bTemple University Press
_c2007
650 _aColumbine High School (Littleton, Colo.); School violence -- Colorado
650 _aEducation
856 _uhttp://jstor.org/stable/j.ctt1bw1ktw
999 _c352842
_d352842